Formula one drivers line-up 2016 - Statistics

General Stats
  • This quiz has been taken 188 times
  • The average score is 20 of 26
Answer Stats
Constructor Rounds Driver Nationality % Correct
Mercedes All Lewis Hamilton UK
92%
Ferrari All Sebastian Vettel Germany
90%
Mercedes All Nico Rosberg Germany
87%
Ferrari All Kimi Räikkönen Finland
84%
Force India All Sergio Pérez Mexico
84%
Force India All Nico Hülkenberg Germany
82%
Haas All Romain Grosjean France
81%
McLaren 1, 3-21 Fernando Alonso Spain
80%
Red Bull 5-21 Max Verstappen Netherlands
80%
Toro Rosso 1-4 Max Verstappen Netherlands
80%
Renault All Kevin Magnussen Denmark
78%
Red Bull All Daniel Ricciardo Australia
77%
Red Bull 1-4 Daniil Kvyat Russia
77%
Toro Rosso 5-21 Daniil Kvyat Russia
77%
Williams All Valtteri Bottas Finland
77%
Toro Rosso All Carlos Sainz Jr. Spain
76%
McLaren All Jenson Button UK
76%
Williams All Felipe Massa Brazil
75%
McLaren 2 Stoffel Vandoorne Belgium
75%
Sauber All Marcus Ericsson Sweden
72%
Manor 13-21 Esteban Ocon France
69%
Haas All Esteban Gutiérrez Mexico
68%
Renault All Jolyon Palmer UK
67%
Sauber All Felipe Nasr Brazil
61%
Manor All Pascal Wehrlein Germany
59%
Manor 1-12 Rio Haryanto Indonesia
56%
No matching quizzes found
Score Distribution
Percent of People with Each Score
Percentile by Number Answered
Your Score History
You have not taken this quiz